[Event "Israel Team Ch Under 18"]
[Site "Jerusalem"]
[Date "2017.08.15"]
[Round "6"]
[White "Vazana, Yochay"]
[Black "Milikow, Yoav"]
[Result "1/2-1/2"]
[WhiteElo "1909"]
[BlackElo "2095"]
[Annotator "NA RC"]
[PlyCount "58"]
[EventDate "2017.??.??"]
[EventType "swiss"]
[EventCountry "ISR"]
[SourceTitle "playchess.com"]
[Source "ChessBase"]
[SourceQuality "1"]
[TimeControl "40/5400+30:1800+30"]

{[%evp 11,49,2,0,4,8,16,6,0,25,25,25,32767,32767,32767,32767,32767,32767,32767,32767,32767,32767,32767,62,83,112,32767,32767,32767,32767,32767,74,66,78,33,107,93,102,13,10,-12]} 1. b3 {[%emt 0:40:25]} Nf6 {[%emt 0:41:05]} 2. Bb2 {[%emt 0:00:27]} g6 {[%emt 0:00:27]} 3. Bxf6 {[%emt 0:00:34]} exf6 {[%emt 0:00:21]} 4. c4 {[%emt 0:00:28]} f5 {[%emt 0:01:09] A01: Nimzowitsch-Larsen Opening} (4... d5 5. cxd5 Qxd5 6. e3 c6 7. Nc3 Qa5 8. a3 Bg7 9. b4 Qd8 10. Bc4 a5 11. b5 c5 12. Nge2 Nd7 13. Ba2 O-O 14. O-O f5 {½-½ (14) Bauer,C (2624)-Naiditsch,A (2698) Zuerich 2015}) 5. Nc3 {[%emt 0:00:26]} Bg7 {[%emt 0:00:24]} 6. g3 {[%emt 0:00:26]} O-O {[%emt 0:00:28] LiveBook: 24 Games} 7. Bg2 {[%emt 0:00:27]} Nc6 {[%emt 0:04:15]} 8. e3 {[%emt 0:00:45]} Bxc3 {[%emt 0:06:36]} 9. dxc3 {[%emt 0:00:27]} Qf6 {[%emt 0:00:25]} 10. Ne2 {[%emt 0:01:29]} a5 $146 {[%emt 0:01:21]} ({Predecessor:} 10... Re8 11. O-O Nd8 12. Qc2 Ne6 {1-0 (36) Levushkina,E (2346)-Mueller Ludwig,K (2111) Germany 2010}) 11. O-O {[%emt 0:05:09]} g5 {[%emt 0:05:04]} 12. Nd4 {[%emt 0:04:28]} Ne7 {[%emt 0:06:50]} 13. h3 {[%emt 0:10:06]} f4 {[%emt 0:04:43]} 14. Qf3 {[%emt 0:06:22]} Ng6 {[%emt 0:02:19]} 15. exf4 {[%emt 0:01:05]} gxf4 {[%emt 0:00:46]} 16. Ne2 {[%emt 0:00:48]} d6 {[%emt 0:04:26]} 17. h4 {[%emt 0:06:10]} Qf5 {[%emt 0:11:39]} 18. Nxf4 {[%emt 0:03:58]} Nxf4 {[%emt 0:00:29]} 19. Qxf4 {[%emt 0:00:46]} Qxf4 {[%emt 0:00:36]} 20. gxf4 {[%emt 0:00:28]} c6 {[%emt 0:03:02]} 21. Rad1 {[%emt 0:01:22]} Rd8 {[%emt 0:00:23]} 22. Rd2 {[%emt 0:01:31]} (22. Rd4 $16) 22... Be6 {[%emt 0:00:58]} (22... a4 $14) 23. Rfd1 {[%emt 0:00:54]} a4 {[%emt 0:00:24]} 24. f5 {[%emt 0:08:28]} (24. Be4 $16) 24... Bxf5 {[%emt 0:00:31]} 25. Rxd6 $11 {[%emt 0:00:21]} Rxd6 {[%emt 0:00:31]} 26. Rxd6 {[%emt 0:00:21]} axb3 {[%emt 0:00:56]} 27. axb3 {[%emt 0:00:21]} Ra3 {[%emt 0:00:26]} 28. Rd8+ {[%emt 0:00:43]} Kg7 {[%emt 0:00:21]} 29. Rb8 {[%emt 0:00:21]} Rxb3 {[%emt 0:00:27]} 1/2-1/2

[Event "Israel Team Ch Under 18"]
[Site "Jerusalem"]
[Date "2017.08.15"]
[Round "6"]
[White "Kochavi, Ori"]
[Black "Solomon, Asif"]
[Result "1/2-1/2"]
[WhiteElo "1901"]
[BlackElo "2041"]
[Annotator "NA RC"]
[PlyCount "85"]
[EventDate "2017.??.??"]
[EventType "swiss"]
[EventCountry "ISR"]
[SourceTitle "playchess.com"]
[Source "ChessBase"]
[SourceQuality "1"]
[TimeControl "40/5400+30:1800+30"]

{[%evp 8,77,35,35,31,20,22,-26,25,-8,35,0,-3,-8,0,0,10,-17,-19,-33,-26,32767,32767,32767,32767,32767,18,0,22,-24,-10,-40,0,0,0,-2,8,-22,-16,-7,-14,-7,-8,0,13,6,1,-27,-26,-32,0,-6,0,-181,-29,-39,0,-32,0,-72,0,0,0,0,0,0,0,0,134,245,229,254]} 1. e4 {[%emt 0:40:20]} c5 {[%emt 0:41:00]} 2. Nf3 {[%emt 0:00:30]} d6 {[%emt 0:00:29]} 3. d4 {[%emt 0:00:33]} cxd4 {[%emt 0:00:28]} 4. Nxd4 {[%emt 0:00:33]} Nf6 {[%emt 0:00:31]} 5. Nc3 {[%emt 0:00:42]} a6 {[%emt 0:00:31]} 6. h3 {[%emt 0:01:28]} e6 {[%emt 0:02:18]} (6... e5 $5 {[%cal Re5d4]} 7. Nb3 Be6 $11) 7. Be3 {[%emt 0:03:08] LiveBook: 11 Games} (7. g4 $14) 7... Be7 {[%emt 0:00:53] B90: Sicilian Najdorf: Unusual White 6th moves, 6 Be3 Ng4 and 6 Be3 e5} (7... b5 8. a3 Bb7 9. Bd3 Nbd7 10. Qd2 Rc8 11. O-O-O Nb6 12. Kb1 Be7 13. f3 O-O 14. Rhe1 Nfd7 15. Qf2 Rxc3 16. bxc3 d5 17. e5 Bxa3 18. g4 Na4 19. Qd2 Bb2 {0-1 (19) Fercec,N (2467)-Stocko,J (2300) Bosnjaci 2017}) 8. Qd2 {[%emt 0:01:03]} Nc6 {[%emt 0:02:16]} 9. Be2 {[%emt 0:01:44]} O-O {[%emt 0:01:52]} 10. O-O {[%emt 0:02:38]} Qc7 {[%emt 0:02:07]} 11. Rad1 {[%emt 0:01:08]} b5 {[%emt 0:04:43]} 12. a3 {[%emt 0:01:54]} Bb7 {[%emt 0:03:26]} 13. Nxc6 {[%emt 0:04:17]} Bxc6 {[%emt 0:01:28]} 14. Bd3 {[%emt 0:01:23]} Qb7 {[%emt 0:01:32]} 15. f3 {[%emt 0:01:10]} Rfd8 $146 {[%emt 0:01:29]} 16. Qf2 {[%emt 0:02:28]} b4 {[%emt 0:04:04]} 17. axb4 {[%emt 0:08:49]} Qxb4 {[%emt 0:01:42]} 18. Rb1 {[%emt 0:02:51]} d5 {[%emt 0:03:23]} 19. Na2 {[%emt 0:02:55]} Qb7 {[%emt 0:01:46]} 20. e5 {[%emt 0:01:22]} Nd7 {[%emt 0:05:45]} 21. f4 {[%emt 0:02:25]} Bb5 {[%emt 0:02:05]} 22. Bxb5 {[%emt 0:02:34]} axb5 {[%emt 0:00:38]} 23. Nc1 {[%emt 0:00:53]} Rdc8 {[%emt 0:01:07]} 24. Nd3 {[%emt 0:01:09]} Qc6 {[%emt 0:02:10]} 25. c3 {[%emt 0:01:28]} Qc4 {[%emt 0:03:15]} 26. Rbd1 {[%emt 0:01:22]} g6 {[%emt 0:01:37]} 27. Qg3 {[%emt 0:01:01]} Kh8 {[%emt 0:00:50]} 28. Bd4 {[%emt 0:02:05]} Bc5 {[%emt 0:01:15]} 29. Nxc5 {[%emt 0:02:21]} (29. Qe3 $5) 29... Nxc5 {[%emt 0:00:43]} 30. Ra1 $2 {[%emt 0:02:26] [#]} (30. Qh4 $11) 30... Nb3 {[%emt 0:01:41]} (30... Rxa1 $1 $19 31. Rxa1 Nb3) 31. Rad1 {[%emt 0:00:53]} Ra2 {[%emt 0:00:41]} 32. Rf2 {[%emt 0:00:41]} (32. f5 $5 exf5 33. e6+ Nxd4 34. Rxd4 $11) 32... b4 {[%emt 0:01:05]} 33. Qe3 {[%emt 0:01:20]} (33. f5 $11 bxc3 34. Bxc3) 33... Rca8 {[%emt 0:02:00]} (33... bxc3 $15 34. Qxc3 Ra4) 34. f5 $1 {[%emt 0:01:16]} bxc3 {[%emt 0:01:43]} 35. fxe6 {[%emt 0:01:01]} c2 {[%emt 0:01:00] [#]} 36. Rc1 $1 {[%emt 0:01:26]} Nxc1 {[%emt 0:02:41]} (36... Ra1 $5 37. Kh2 $8 Qxd4 38. Qxd4 Nxd4 39. Rxa1 Rxa1 40. exf7 Ne6 41. Rxc2 Kg7 $19) 37. Qg5 $1 {[%emt 0:01:04]} Ne2+ $16 {[%emt 0:01:28]} (37... fxe6 $11 38. Qf6+ Kg8 39. Qxe6+ Kh8 40. Qf6+ Kg8 41. Qf7+ Kh8 42. Qf6+ Kg8 43. Qf7+ Kh8 44. Qf6+) 38. Kh2 {[%emt 0:00:23]} f5 {[%emt 0:01:23]} ({Stronger than} 38... c1=Q 39. Qf6+ Kg8 40. exf7+ Kf8 41. Qd6+ Kg7 42. f8=Q+ Rxf8 43. Qxf8#) 39. Qf6+ {[%emt 0:01:01]} Kg8 {[%emt 0:00:24]} 40. Qf7+ {[%emt 0:00:59]} Kh8 {[%emt 0:30:21]} 41. e7 {[%emt 0:31:23]} Qc8 {[%emt 0:00:28]} 42. Rxe2 {[%emt 0:00:33]} R2a4 {[%emt 0:00:22]} 43. e6+ {[%emt 0:00:32]} 1/2-1/2

[Event "Israel Team Ch Under 18"]
[Site "Jerusalem"]
[Date "2017.08.15"]
[Round "6"]
[White "Kupervaser, Erez"]
[Black "Sobel, Alon"]
[Result "0-1"]
[WhiteElo "1868"]
[BlackElo "1597"]
[Annotator "NA RC"]
[PlyCount "32"]
[EventDate "2017.??.??"]
[EventType "swiss"]
[EventCountry "ISR"]
[SourceTitle "playchess.com"]
[Source "ChessBase"]
[SourceQuality "1"]
[TimeControl "40/5400+30:1800+30"]

{[%evp 9,32,19,65,-15,52,-4,3,-61,-69,-63,-66,-197,-188,-197,-193,-250,-244,-347,32767,-476,-469,-472,-481,-578,-564]} 1. e4 d5 2. exd5 Nf6 3. d4 Nxd5 4. c4 Nb6 5. Nc3 g6 {LiveBook: 64 Games} 6. d5 {B01: Scandinavian Defence} (6. a4 $14) (6. Be3 Bg7 7. h3 O-O 8. Nf3 Nc6 9. Qd2 e5 10. d5 Ne7 11. g4 f5 12. O-O-O e4 13. Ng5 h6 14. Ne6 Bxe6 15. dxe6 Qxd2+ 16. Rxd2 c6 17. Bc5 Rfe8 18. Rd7 Nxd7 19. exd7 Red8 20. Bxe7 Rxd7 21. Bc5 {½-½ (79) Yudasin,L (2556)-Kamsky,G (2717) New York 2004}) 6... c6 $146 ({Predecessor:} 6... Bg7 $11 7. Nf3 c6 8. dxc6 Qxd1+ 9. Nxd1 Nxc6 10. Be2 Be6 11. Ne3 Na5 12. Nd5 Nxd5 13. cxd5 Bxd5 {0-1 (48) Kalinowska,K (1515)-Swiech,J (1623) Maslow Pierwszy 2014}) 7. Be3 Bg7 8. h3 ({White should play} 8. Bd4 $11 e5 9. Bc5) 8... O-O 9. Nf3 cxd5 10. Bxb6 (10. cxd5 $17 {was called for.} Bxc3+ 11. bxc3 Qxd5 12. Be2) 10... Qxb6 ({Don't do} 10... axb6 11. cxd5 Na6 12. a3 $15) 11. Nxd5 Qxb2 12. Rc1 Nc6 ({Resist} 12... Qxa2 13. Nxe7+ Kh8 14. Be2) 13. Rc2 (13. Qd2 {was necessary.}) 13... Qa3 14. Bd3 e6 15. Nf4 Nb4 16. Re2 Bh6 $19 0-1

[Event "Israel Team Ch Under 18"]
[Site "Jerusalem"]
[Date "2017.08.15"]
[Round "6"]
[White "Garber, Tal"]
[Black "Vaknin, Asaf"]
[Result "1/2-1/2"]
[WhiteElo "1835"]
[BlackElo "1746"]
[Annotator "NA RC"]
[PlyCount "114"]
[EventDate "2017.??.??"]
[EventType "swiss"]
[EventCountry "ISR"]
[SourceTitle "playchess.com"]
[Source "ChessBase"]
[SourceQuality "1"]
[TimeControl "40/5400+30:1800+30"]

{[%evp 8,101,52,32,44,34,33,39,54,17,96,27,89,0,12,0,0,0,0,32767,32767,32767,32767,-32,0,-25,0,-20,17,3,22,0,8,0,8,7,55,36,32767,32767,32767,32767,32767,106,104,102,131,121,123,138,172,100,129,98,140,89,96,-162,-200,-158,-179,-416,-471,-474,0,-96,-86,-114,32767,32767,32767,32767,32767,-127,-78,-1082,-817,-906,-452,-748,-782,-798,-159,-184,-38,32767,32767,32767,32767,32767,32767,32767,32767,-179,-165,-191]} 1. c4 {[%emt 0:40:14]} c5 {[%emt 0:41:49]} 2. Nf3 {[%emt 0:00:28]} Nc6 {[%emt 0:00:43]} 3. Nc3 {[%emt 0:00:34]} g6 {[%emt 0:00:39]} 4. e3 {[%emt 0:01:37]} Bg7 {[%emt 0:01:14]} 5. d4 {[%emt 0:00:27]} cxd4 {[%emt 0:00:37]} 6. exd4 {[%emt 0:01:20]} d6 {[%emt 0:01:39]} 7. Be2 {[%emt 0:00:44]} Bg4 {[%emt 0:03:53]} 8. Be3 {[%emt 0:01:05]} (8. d5 $5 {[%cal Rd5c6]} Bxf3 9. Bxf3 Bxc3+ 10. bxc3 $14) 8... Nf6 {[%emt 0:02:28] A35: Symmetrical English: 2 Nc3 Nc6 3 Nf3} (8... Nh6 $11 {keeps the balance.} 9. d5 Bxf3 10. Bxf3 Ne5 11. Be2 Nf5 12. Bd2 h5 13. O-O Qb6 14. b3 a6 15. Rc1 Qd4 16. Qc2 {0-1 (63) Sumets,A (2577)-Onischuk,V (2614) Lvov 2016}) 9. O-O {[%emt 0:01:26] LiveBook: 7 Games} (9. d5 $16 Bxf3 10. Bxf3 (10. gxf3 Ne5 $14)) 9... O-O {[%emt 0:00:52]} (9... d5 $11 {keeps the balance.}) 10. Re1 $146 {[%emt 0:03:18]} (10. d5 $16 Ne5 11. Nxe5 Bxe2 12. Nxf7 (12. Nxe2 dxe5 13. Nc3 b6 $14) 12... Bxd1 13. Nxd8) ({Predecessor:} 10. h3 Bxf3 11. Bxf3 e5 12. d5 Ne7 13. g4 Nd7 14. Qd2 f5 15. Bh6 f4 16. Bxg7 Kxg7 17. Ne4 Nf6 18. Nxf6 Rxf6 19. g5 Rf7 20. Kh2 {½-½ (20) Dovzik,J (2278)-Szeberenyi,A (2376) Budapest 2015}) 10... d5 {[%emt 0:09:04]} 11. Ne5 {[%emt 0:06:36]} Bxe2 12. Qxe2 {[%emt 0:00:57]} e6 {[%emt 0:07:44]} 13. Nxc6 {[%emt 0:06:01]} bxc6 {[%emt 0:00:29]} 14. cxd5 {[%emt 0:00:34]} cxd5 {[%emt 0:00:32]} 15. Rec1 {[%emt 0:02:58]} Nd7 {[%emt 0:03:01]} 16. Qd2 {[%emt 0:01:40]} Nb6 {[%emt 0:01:51]} 17. b3 {[%emt 0:01:05]} a6 {[%emt 0:02:30]} 18. Bh6 {[%emt 0:01:57]} Qd7 {[%emt 0:00:54]} 19. Bxg7 {[%emt 0:00:37]} Kxg7 {[%emt 0:00:22]} 20. Ne2 {[%emt 0:04:06]} a5 {[%emt 0:02:43]} 21. a4 {[%emt 0:04:14]} Qe7 {[%emt 0:03:44]} 22. Rc5 {[%emt 0:00:54]} Nd7 {[%emt 0:01:50]} 23. Rxa5 {[%emt 0:00:57]} Rxa5 {[%emt 0:00:49]} 24. Qxa5 {[%emt 0:00:22]} Rb8 {[%emt 0:00:23]} 25. Qc3 {[%emt 0:02:42]} Nf6 {[%emt 0:00:51]} 26. f3 {[%emt 0:01:49]} Qb7 {[%emt 0:00:56]} 27. Rb1 {[%emt 0:02:44]} Rc8 {[%emt 0:00:45]} 28. Qd2 {[%emt 0:00:43]} Qa7 {[%emt 0:02:24]} 29. Kf1 {[%emt 0:01:24]} (29. Nc3 $18) 29... Qa6 {[%emt 0:01:18]} 30. Ke1 {[%emt 0:01:02]} Ne8 {[%emt 0:01:58]} 31. Nc1 {[%emt 0:02:47]} Qd6 {[%emt 0:01:18]} 32. f4 $2 {[%emt 0:01:48]} (32. h3 $16 {stays on course.}) 32... Nf6 {[%emt 0:00:35]} 33. Nd3 {[%emt 0:03:36]} Ne4 {[%emt 0:00:34]} 34. Qb4 $2 {[%emt 0:00:52] [#]} (34. Qe2) 34... Qd8 $1 {[%emt 0:01:56]} 35. g3 {[%emt 0:00:55]} Qf6 $2 {[%emt 0:00:30]} (35... Rc2 $19 36. Rb2 Qc7) 36. Nc5 {[%emt 0:00:43]} (36. Rc1 $11 Rxc1+ 37. Nxc1) 36... Qf5 {[%emt 0:00:34]} 37. Rd1 {[%emt 0:01:00]} Qg4 {[%emt 0:01:08]} 38. Nxe4 {[%emt 0:00:34]} dxe4 {[%emt 0:00:22]} 39. Qd2 {[%emt 0:00:32]} Qf3 {[%emt 0:00:23]} 40. Qe2 {[%emt 0:00:59]} Qxb3 {[%emt 0:30:30]} 41. a5 $2 {[%emt 0:30:40]} (41. Qxe4 $17 Qxa4 42. Qd3) 41... e3 {[%emt 0:00:55]} 42. Qd3 {[%emt 0:00:59]} Qb4+ {[%emt 0:00:30]} 43. Ke2 {[%emt 0:00:31]} Rc3 {[%emt 0:00:38]} 44. Qb1 {[%emt 0:00:40]} Qxa5 $17 {[%emt 0:00:46]} (44... Rb3 $19 {and Black stays clearly on top.} 45. Qe4 Qc4+ 46. Ke1 Qc3+ 47. Kf1 Rb2) 45. Rd3 {[%emt 0:00:30]} Ra3 {[%emt 0:01:06]} 46. Rxa3 {[%emt 0:00:42]} Qxa3 {[%emt 0:00:26]} 47. Qd3 {[%emt 0:00:23]} Qb2+ {[%emt 0:00:27]} 48. Kxe3 {[%emt 0:00:27]} Qxh2 {[%emt 0:00:22]} 49. Kf3 {[%emt 0:00:35]} h5 {[%emt 0:00:39]} 50. Qe3 {[%emt 0:00:36]} Qh1+ {[%emt 0:00:43]} 51. Kf2 {[%emt 0:00:22]} Qd5 {[%emt 0:01:03]} 52. Qc3 {[%emt 0:00:37]} Kh7 {[%emt 0:00:49]} 53. Qc5 {[%emt 0:00:29]} Kg7 {[%emt 0:00:52]} 54. Qa7 {[%emt 0:00:42]} Qe4 {[%emt 0:00:41]} 55. Qa1 {[%emt 0:00:33]} Kh7 {[%emt 0:00:57]} 56. Qa7 {[%emt 0:00:30]} Qf5 {[%emt 0:00:23]} 57. Qc5 {[%emt 0:00:22]} Qd5 1/2-1/2

[Event "Israel Team Ch Under 18"]
[Site "Jerusalem"]
[Date "2017.08.15"]
[Round "6"]
[White "Katkov, Michelle"]
[Black "Tamir, Roee"]
[Result "1/2-1/2"]
[WhiteElo "1822"]
[BlackElo "1670"]
[Annotator "NA RC"]
[PlyCount "46"]
[EventDate "2017.??.??"]
[EventType "swiss"]
[EventCountry "ISR"]
[SourceTitle "playchess.com"]
[Source "ChessBase"]
[SourceQuality "1"]
[TimeControl "40/5400+30:1800+30"]

{[%evp 15,46,61,64,56,67,46,54,25,48,-51,69,0,0,-25,-33,32767,32767,32767,32767,-44,-37,-40,32767,32767,32767,32767,-42,-57,-43,-51,8,0,0]} 1. e4 d5 2. exd5 Nf6 3. Nc3 Nxd5 4. Nxd5 Qxd5 5. d4 g6 {B02: Alekhine's Defence: Chase Variation and lines with early Nc3} 6. Nf3 (6. c4 Qd6 7. Be3 Bg7 8. Qd2 c5 9. d5 O-O 10. Ne2 Nd7 11. Nc3 Ne5 12. Be2 Bf5 {½-½ (78) Massoni,M (2385)-Rapport,R (2654) Calvi 2013}) 6... Bg4 7. Be2 Bg7 8. h3 Bf5 9. O-O Nc6 10. Be3 O-O 11. Qd2 $146 ({Predecessor:} 11. c4 $5 {[%cal Rc4d5]} Qd6 12. d5 $16 (12. Qd2 Rad8 13. d5 Ne5 14. Nd4 a6 15. Rad1 Bc8 16. f4 Nd7 17. b4 {1-0 (36) Hevendehl,H-Wolf,A Bad Schandau 1995})) 11... Rad8 12. Rad1 (12. c4 $14 Qa5 13. Qxa5 Nxa5 14. g4) 12... Rfe8 (12... Qxa2 $15 13. c4 Qb3) 13. c3 (13. c4 $14 Qa5 14. Qxa5 Nxa5 15. g4) 13... e5 14. dxe5 Qxa2 15. Qc1 Rxd1 16. Rxd1 Nxe5 17. Nd4 Bd7 18. Nb5 Bxb5 19. Bxb5 c6 20. Bf1 a6 21. Bd4 Qe6 22. Qe3 f6 (22... Qc8 $15) 23. Re1 Qd5 $11 1/2-1/2

[Event "Israel Team Ch Under 18"]
[Site "Jerusalem"]
[Date "2017.08.15"]
[Round "6"]
[White "Tillinger, Aviv"]
[Black "Chachashvili, Zuri"]
[Result "0-1"]
[WhiteElo "1815"]
[BlackElo "1911"]
[Annotator "NA RC"]
[PlyCount "126"]
[EventDate "2017.??.??"]
[EventType "swiss"]
[EventCountry "ISR"]
[SourceTitle "playchess.com"]
[Source "ChessBase"]
[SourceQuality "1"]
[TimeControl "40/5400+30:1800+30"]

{[%evp 10,87,16,28,32767,32767,32767,32767,27,15,10,-32,-12,-35,25,-24,8,-61,-42,-43,-25,-63,-37,-21,0,0,41,31,41,24,37,38,37,10,42,19,13,14,15,13,25,16,26,0,21,34,25,25,62,43,52,43,47,48,60,51,180,60,54,57,32767,32767,32767,32767,32767,32767,32767,32767,32767,32767,32767,32767,32767,32767,32767,32767,32767,-50,-44,-85]} 1. e4 {[%emt 0:40:13]} c5 {[%emt 0:41:40]} 2. Nf3 {[%emt 0:00:22]} d6 {[%emt 0:01:20]} 3. d4 {[%emt 0:00:22]} cxd4 {[%emt 0:01:03]} 4. Nxd4 {[%emt 0:00:23]} Nf6 {[%emt 0:01:19]} 5. Nc3 {[%emt 0:00:22]} a6 {[%emt 0:01:21]} 6. Be2 {[%emt 0:00:22]} e5 {[%emt 0:02:04]} 7. Nb3 {[%emt 0:00:23]} Be6 {[%emt 0:00:46]} 8. Be3 {[%emt 0:00:34]} Nbd7 {[%emt 0:01:58]} 9. Qd3 {[%emt 0:00:29]} Rc8 {[%emt 0:03:21]} 10. Nd5 {[%emt 0:04:55]} Bxd5 {[%emt 0:01:18]} 11. exd5 {[%emt 0:00:24]} Be7 {[%emt 0:01:08]} 12. O-O {[%emt 0:00:34] LiveBook: 3 Games B92: Sicilian Najdorf: 6 Be2} O-O {[%emt 0:01:12]} 13. f4 $146 {[%emt 0:09:17]} ({Predecessor:} 13. c4 $11 Ne8 14. Qd2 b6 15. Rac1 a5 16. Na1 g6 17. b4 Ng7 18. bxa5 bxa5 19. Bd3 Nc5 20. Bc2 a4 21. Rb1 {0-1 (66) Carlsen,M (2853)-Grischuk,A (2771) Saint Louis 2015}) 13... exf4 {[%emt 0:06:06]} 14. Bxf4 {[%emt 0:00:31]} Nb6 {[%emt 0:05:15]} 15. Bf3 {[%emt 0:02:29]} Qc7 {[%emt 0:01:01]} 16. c3 {[%emt 0:01:47]} Qc4 {[%emt 0:02:52]} 17. Qxc4 {[%emt 0:04:29]} Rxc4 {[%emt 0:03:12]} 18. Bg3 {[%emt 0:03:52]} Rc7 {[%emt 0:04:24]} 19. Rfe1 {[%emt 0:08:26]} Nc4 {[%emt 0:03:37]} 20. Re2 {[%emt 0:01:00]} Rfc8 {[%emt 0:02:22]} 21. Rae1 {[%emt 0:00:41]} Bf8 {[%emt 0:00:40]} 22. Nd4 {[%emt 0:01:21]} g6 {[%emt 0:00:52]} 23. b3 {[%emt 0:08:59]} Ne5 {[%emt 0:01:12]} 24. c4 {[%emt 0:00:29]} Nd3 {[%emt 0:01:46]} 25. Rd1 {[%emt 0:01:15]} Nc5 {[%emt 0:01:17]} 26. Rde1 {[%emt 0:02:04]} (26. Bh4 $5 {[%cal Rh4f6]} Bg7 27. Bg3 $16) 26... Nd3 {[%emt 0:00:31]} 27. Rf1 {[%emt 0:04:00]} h5 {[%emt 0:01:52]} 28. Re3 {[%emt 0:01:27]} Ne5 {[%emt 0:02:16]} 29. Bxe5 {[%emt 0:02:27]} (29. Rxe5 $5 dxe5 30. Bxe5 $16) 29... dxe5 {[%emt 0:00:28]} 30. Rxe5 {[%emt 0:00:21]} Bc5 {[%emt 0:00:40]} 31. Rd1 {[%emt 0:00:21]} Nd7 {[%emt 0:02:07]} 32. Ree1 {[%emt 0:00:50]} Kf8 {[%emt 0:01:22] [#]} (32... Nf6 $14) 33. Kf1 {[%emt 0:00:27]} (33. d6 $1 $18 {[%cal Rd6c7]} Bxd6 {[#]} 34. Ne6+ $1 {[%mdl 512]} fxe6 35. Rxd6) 33... Nf6 {[%emt 0:00:59]} 34. Ke2 {[%emt 0:00:40]} Re8+ {[%emt 0:00:49]} 35. Kd3 {[%emt 0:00:21]} Rd8 {[%emt 0:00:30]} 36. Nc2 {[%emt 0:00:46]} Bd6 {[%emt 0:00:24]} 37. g3 {[%emt 0:00:22]} Nd7 {[%emt 0:00:39]} 38. Bg2 {[%emt 0:00:36]} Ne5+ {[%emt 0:00:25]} 39. Kc3 {[%emt 0:00:24]} b5 {[%emt 0:00:31]} 40. Ne3 {[%emt 0:00:24]} Rdc8 {[%emt 0:31:02]} 41. Rd4 {[%emt 0:30:37]} Kg7 {[%emt 0:00:53]} 42. Bh3 {[%emt 0:00:25]} Rb8 {[%emt 0:00:29]} 43. Rf1 {[%emt 0:00:30]} Re8 {[%emt 0:01:05]} 44. Bg2 $17 {[%emt 0:00:45]} Nd7 {[%emt 0:01:06]} 45. Rd3 {[%emt 0:00:30]} Nc5 {[%emt 0:00:25]} 46. Rfd1 {[%emt 0:00:23]} Nxd3 47. Kxd3 {[%emt 0:00:26]} Rd8 {[%emt 0:01:05]} 48. Rc1 {[%emt 0:00:30]} bxc4+ {[%emt 0:00:39]} 49. Nxc4 {[%emt 0:00:39]} Rb8 {[%emt 0:00:55]} 50. Rf1 {[%emt 0:00:28]} Rd8 {[%emt 0:00:26]} 51. Re1 {[%emt 0:00:32]} Bb4 {[%emt 0:00:26]} 52. Re4 {[%emt 0:00:25]} Rxd5+ {[%emt 0:00:29]} 53. Rd4 {[%emt 0:00:20]} Rxd4+ {[%emt 0:00:24]} 54. Kxd4 {[%emt 0:00:21]} Rd7+ {[%emt 0:00:27]} 55. Bd5 {[%emt 0:00:33]} Kf6 {[%emt 0:00:39]} 56. Ne3 {[%emt 0:00:25]} Be1 {[%emt 0:00:35]} 57. Kc4 {[%emt 0:00:54]} Ke5 {[%emt 0:00:29]} 58. Bf3 {[%emt 0:00:23]} Rc7+ {[%emt 0:00:41]} 59. Kd3 {[%emt 0:00:20]} f5 {[%emt 0:00:41]} 60. Nc4+ {[%emt 0:00:21]} Ke6 {[%emt 0:00:24]} 61. Ke3 {[%emt 0:00:25]} Bb4 {[%emt 0:00:23]} 62. Kf4 {[%emt 0:00:23]} Rxc4+ {[%emt 0:00:28]} 63. bxc4 {[%emt 0:00:22]} Bd2# {[%emt 0:00:22]} 0-1

[Event "Israel Team Ch Under 18"]
[Site "Jerusalem"]
[Date "2017.08.15"]
[Round "6"]
[White "Avineri, Paz"]
[Black "Aroesti, Roee"]
[Result "1-0"]
[WhiteElo "1807"]
[BlackElo "2304"]
[Annotator "TA"]
[PlyCount "49"]
[EventDate "2017.??.??"]
[EventType "swiss"]
[EventCountry "ISR"]
[SourceTitle "playchess.com"]
[Source "ChessBase"]
[SourceQuality "1"]

{[%evp 9,49,33,32,31,37,31,30,30,31,30,22,12,27,22,16,15,74,72,72,29,27,29,43,41,391,391,382,385,477,349,506,136,131,122,156,153,387,404,379,368,516,490]} 1. d4 Nf6 2. c4 c5 3. d5 b5 4. Qc2 Na6 5. a3 b4 {LiveBook: 6 Games} (5... bxc4 6. e4 e6 7. Nc3 exd5 8. exd5 Bd6 9. Bxc4 O-O 10. Nge2 Nc7 11. O-O Re8 12. Qd3 Rb8 {½-½ (40) Mamedyarov,S (2766)-Mihok,O (2505) chess.com INT 2017}) 6. e4 {A57: Benko/Volga Gambit} d6 7. Bd3 g6 $146 ({Predecessor:} 7... Qa5 8. Nd2 g6 9. Ngf3 Bg7 10. O-O O-O 11. e5 Nh5 12. Re1 Qd8 {1-0 (37) Real de Azua,E (2469)-Malbran,G (2235) Vicente Lopez 2016}) 8. f4 {White has an edge.} Bg7 9. Nf3 O-O 10. O-O bxa3 11. Rxa3 Nb4 12. Qe2 e6 (12... Nxd3 $11 13. Rxd3 Bg4) 13. e5 $16 Ne8 14. Be4 exd5 15. cxd5 f5 16. Bd3 $36 {[%mdl 2048] White has good play.} Nxd5 $2 {[%mdl 8192] [#]} (16... Nxd3 $14 17. Qxd3 Nc7) 17. Bc4 $18 Nec7 18. Nc3 Bb7 19. Nxd5 Nxd5 (19... Bxd5 {was called for.} 20. Bxd5+ Nxd5) 20. Bxd5+ $2 (20. Rd1 $18) 20... Bxd5 $16 21. Rd1 dxe5 22. fxe5 {And now Qf2 would win.} c4 $2 {[#]} (22... Rb8 $16) 23. Qf2 $1 $18 Rf7 24. Bg5 Qd7 (24... Qb6 {keeps fighting.}) 25. Ra5 {Precision: White = 76%, Black = 45%.} 1-0